000 00580nam a2200181Ia 4500
008 090123s9999 xx 000 0 und d
082 _b8189
100 _aपाटणकर भाऊसाहेब
245 _aमराठी मुशायरा
250 _a2
260 _bसंजय प्रकाशन
300 _a66
600 _aपाटणकर भाऊसाहेब
630 _aमराठी मुशायरा
700 _aपाटणकर भाऊसाहेब
730 _aमराठी मुशायरा
942 _cBOOK
999 _c46255
_d46255